Bayern München Quiz - Statistiken

Allgemein
  • Dieses Quiz wurde 157 mal gespielt
  • Das Durchschnittsergebnis liegt bei 9 aus 10
Antwortstatistiken
Hint Antwort % Korrekt
Tabellenplatz Saison 22/23 {1} Platz
100%
Stadion Alliianz-Arena
99%
Aktueller Trainer Thomas Tuchel
96%
Bundesligatitel 32
93%
Spieler mit den meisten Toren {Gerd Müller} 365 Tore
91%
Spieler mit den meisten Toren in 1 Saison {Robert Lewandowski} 41 Tore
91%
Championsleague Titel 3
90%
Gründungsjahr 27.Februar {1900}
88%
DFB Pokal Titel 11
77%
Spieler mit den meisten Spielen Sepp Maier
52%
Keine übereinstimmenden Quizze gefunden
Verteilung der Resultate
Anzahl Personen mit jedem Resultat
Perzentil nach korrekt beantworteten Fragen
Ihre Resultats-Entwicklung
Sie haben dieses Quiz noch nicht gespielt